| 000 | 00331 a2200121 4500 | ||
|---|---|---|---|
| 001 | 86581 | ||
| 082 | _a398.2 LOK | ||
| 090 |
_c40758 _d40758 |
||
| 100 | _aSurraiya Multanikar | ||
| 245 |
_aPreservation of Pakistani Cultural Folklore (Audio CD) _hAudio CD |
||
| 260 |
_aLok Virsa _bLok Virsa Islamabad _c2012 |
||
| 500 | _aLok Virsa | ||
| 942 |
_aCAENUST _k398.2 LOK |
||
| 999 |
_c321654 _d321654 |
||